000 00640nam a2200181 i 4500
001 72755
003 ES-MaACL
005 20240228172243.0
007 t|
008 040902s1944 sp ||||1| spa d
100 1 _aGoethe, Johann Wolfgang von,
_d1749-1832
_957568
245 1 0 _aObras literarias /
_cJ.W. Goethe ; traducción, recopilación, biografía, prólogo y notas de Rafael Cansinos Assens.
260 _aMadrid :
_bM. Aguilar,
_c1944 (
_fGráficas Ultra)
300 _a2 v. :
_bretr. aut. ;
_c18 cm.
700 1 _aCansinos Asséns, Rafael,
_d1882-1964
_934616
852 _aES-MaACL
_jB-10582-83
_bR.21741
999 _c72755
_d72755